Normal view
MARC view
Entry Topical Term
001 - CONTROL NUMBER
- control field: 1663
003 - CONTROL NUMBER IDENTIFIER
- control field: BD-RjUL
005 - DATE AND TIME OF LATEST TRANSACTION
- control field: 20220303141852.0
008 - FIXED-LENGTH DATA ELEMENTS
- fixed length control field: 220303|| aca||aabn | a|a d
040 ## - CATALOGING SOURCE
- Original cataloging agency: BD-RjUL
- Transcribing agency: BD-RjUL
150 ## - HEADING--TOPICAL TERM
- Topical term or geographic name entry element: Labor economic
670 ## - SOURCE DATA FOUND
- Source citation: Work cat.: (BD-RjUL)79483: Begum. Dilara 1661, An evaluation of women's work in Bangladesh /, 2003